Paedagogica 1985-1986, oč. 8-9
Salvato in:
| Natura: | Libro |
|---|---|
| Lingua: | slovacco |
| Pubblicazione: |
Bratislava
Slov. ped. nakl.
1987
|
| Edizione: | 1. vyd. |
| Serie: | Zborník Filozofickej fakulty Univerzity Komenského
|
| Tags: |
Nessun Tag, puoi essere il primo ad aggiungerne!!
|
MARC
| LEADER | 00000nam a2200000 4500 | ||
|---|---|---|---|
| 001 | c032577 | ||
| 005 | 20250818105730.3 | ||
| 041 | 0 | |a slo | |
| 044 | |a SK | ||
| 245 | 1 | 0 | |a Paedagogica 1985-1986, oč. 8-9 |
| 250 | |a 1. vyd. | ||
| 264 | 1 | |a Bratislava |b Slov. ped. nakl. |c 1987 | |
| 300 | |a 172 s. | ||
| 490 | 1 | |a Zborník Filozofickej fakulty Univerzity Komenského | |
| 830 | 0 | |a Zborník Filozofickej fakulty Univerzity Komenského | |